| 000 | 01553nam a22002417a 4500 | ||
|---|---|---|---|
| 003 | OSt | ||
| 005 | 20260210160933.0 | ||
| 008 | 260209b |||||||| |||| 00| 0 eng d | ||
| 022 | _a9789363863477 | ||
| 040 | _cAIMIT LIBRARY | ||
| 082 |
_21 _a005.76812 _bLOTA |
||
| 100 |
_aLoth, Alexander. _9254133 |
||
| 245 |
_aVisual analytics with tableau / _cBy Alexander Loth. |
||
| 250 | _a1st ed. | ||
| 260 |
_aNew Delhi : _bWiley India Pvt Ltd , _c2025. |
||
| 300 |
_axxix,282 p.; _bPB _c23.5 cm. |
||
| 500 | _aTableau is a leading data visualization tool that’s simple enough for individual desktop users and robust enough for enterprise solutions. Widely used by financial analysts, marketers, statisticians, business leaders, and sales professionals, Tableau makes it easy to present data visually for quick and clear decision-making in today’s data-driven world. Visual Analytics with Tableau takes non-technical business users on a complete journey — starting from zero, connecting data, and creating impactful visualizations and dashboards to unlock business insights. | ||
| 505 | _rAlexander Loth is a data scientist with a background in computational nuclear research. Since 2015, he has been with Tableau Software as digital strategist. In that role, he has advised many large companies in their transformation to become data-driven organizations. | ||
| 650 |
_aAdding data sources in tableau _9254134 |
||
| 650 |
_aCreating data visualizations _9254135 |
||
| 650 |
_aInteractive dashboards _9254136 |
||
| 942 |
_2ddc _cBK _e1 _k005.76812 LOTA |
||
| 999 |
_c240855 _d240855 |
||